| Поле | Название | Значение |
| Тип записи | a | |
| Библиографический уровень | s | |
| 001 | Контрольный номер | fc9b22ea1b10446d835826f2fb5290f8 |
| 005 | Дата корректировки | 20260525093129.6 |
| 040 | Источник каталогиз. | __ |
| e | Правила каталог. | PSBO |
| b | Код языка каталог. | rus |
| 041 | Код языка издания | 0_ |
| a | Код языка текста | rus |
| 245 | Заглавие | 10 |
| a | Заглавие | Спортивно-педагогическое образование |
| n | Номер части/ раздела | № 1 |
| 260 | Выходные данные | __ |
| c | Дата издания | 2026 |
| 901 | Тип документа | __ |
| t | Тип документа | s |